00870aam a22002531i 4500001001000000003000400010005001700014008004100031020004100072040002800113050001700141100003100158245007500189250001900264300004800283336002600331337002800357338002700385504005100412650004600463650006100509650001700570700002900587019014208OSt20250930120031.0211005s2019 moua gob 001 0 eng d a9780323547581 (Paperback)qUSD 39.00 aRAUbengcRAUdNUSTepn aRC78.D35 CAR1 aCarter, Christi E.eAuthor10aDigital radiography and PACS /cChristi E. Carter and Beth L. Vealé. aThird edition. axii, 203 pages : bIllustrations ;c24 cm. atext2rdacontentbtxt aunmediated2rdamediabn avolume2rdacarrierbnc aIncludes bibliographical references and index. 0aRadiography, MedicalxDigital techniques. 0aPicture archiving and communication systems in medicine. 0aRadiography.1 aVealé, Beth L.eAuthor